000 00361nam a2200145 i 4500
001 bg
100 1 _aATROPS, Hans
245 0 _aPrüffähige statische Hochbauberechnungen in Zahlenbeispielen /
_cH. Atrops.
260 _aDüsseldorf,
_c1966.
040 _cBPK
041 _apol
080 _a624.04
942 _cKS
008 s pl f |000 0 pol
999 _c8096
_d8096
856 _uhttp://koha.tu.koszalin.pl/cgi-bin/koha/opac-detail.pl?biblionumber=8096
_yKatalog online BPK